|
|
|
|
| LEADER |
00000nam a2200000Ii 4500 |
| 001 |
DIGEDUNAV0406 |
| 003 |
NyNyDIG |
| 006 |
m o d |
| 007 |
cr ||||||||||| |
| 008 |
220607s2013 sp ob 001 0 spa d |
| 035 |
|
|
|a (OCoLC)1333701316
|
| 040 |
|
|
|a DGITA
|b eng
|e rda
|e pn
|c DGITA
|
| 020 |
|
|
|z 9788431329174
|
| 043 |
|
|
|a e-gx---
|
| 050 |
1 |
4 |
|a BC39.5.G3 ebook
|
| 100 |
1 |
|
|a Vigo, Alejandro G.,
|d 1958-
|e author.
|
| 245 |
1 |
0 |
|a Juicio, experiencia, verdad :
|b de la lógica de la validez a la fenomenología /
|c Alejandro G. Vigo.
|
| 264 |
|
1 |
|a Pamplona, España :
|b EUNSA, Ediciones Universidad de Navarra,
|c [2013]
|
| 300 |
|
|
|a 1 online resource.
|
| 336 |
|
|
|a text
|b txt
|2 rdacontent
|
| 337 |
|
|
|a computer
|b c
|2 rdamedia
|
| 338 |
|
|
|a online resource
|b cr
|2 rdacarrier
|
| 347 |
|
|
|a text file
|2 rdaft
|
| 347 |
|
|
|b PDF
|
| 490 |
1 |
|
|a Colección Filosófica ;
|v núm. 223
|
| 500 |
|
|
|a "El presente volumen reúne una serie de estudios, diez en total, publicados originalmente en revistas especializadas y volúmenes colectivos, desde el año 2000 hasta la fecha."
|
| 504 |
|
|
|a Includes bibliographical references and index.
|
| 588 |
0 |
|
|a Online resource; title from PDF title page (Digitalia, viewed June 7, 2022)
|
| 600 |
1 |
0 |
|a Husserl, Edmund,
|d 1859-1938.
|
| 600 |
1 |
0 |
|a Heidegger, Martin,
|d 1889-1976.
|
| 650 |
|
0 |
|a Logic
|z Germany.
|
| 655 |
|
0 |
|a Electronic books.
|
| 791 |
2 |
|
|a Digitalia (Firm),
|e distributor.
|
| 793 |
0 |
|
|g Digitalia eBook Collection:
|a Ediciones Universidad de Navarra
|
| 776 |
0 |
8 |
|i Print version:
|a Vigo, Alejandro G., 1958-
|t Juicio, experiencia, verdad.
|b Primera edición.
|d Pamplona, España : EUNSA, Ediciones Universidad de Navarra, [2013]
|z 9788431329174
|
| 830 |
|
0 |
|a Colección filosófica (Universidad de Navarra. Facultad de Filosofía y Letras) ;
|v 223.
|
| 856 |
4 |
0 |
|3 Digitalia Hispánica
|u https://www.digitaliapublishing.com/a/51576/
|
| 910 |
|
|
|a Premium collection: 2022
|